| 000 | 00359 a2200121 4500 | ||
|---|---|---|---|
| 001 | ART_17210 | ||
| 005 | 20260410161644.0 | ||
| 008 | 260409a | ||
| 245 | 1 | 0 | _aPlan especial de regularización de deudas |
| 100 | 1 | _aTaub, Isidoro L. | |
| 700 | 1 | _aBuono, Javier A. | |
| 773 | 0 |
_tConsultor tributario _g- Año 7, Nº 76 (jun. 2013) _wREV474 |
|
| 999 |
_c13564 _d13564 |
||